[Event "POR-ch prel"]
[Site "Lisbon"]
[Date "2013.07.20"]
[Round "8.15"]
[White "Ribeiro, Duarte"]
[Black "Amoes, Francisco"]
[Result "0-1"]
[WhiteElo "1942"]
[BlackElo "1898"]
[PlyCount "70"]
[EventDate "2013.07.15"]
[EventType "swiss"]
[EventRounds "9"]
[EventCountry "POR"]
[SourceTitle "EXT 2015"]
[Source "ChessBase"]
[SourceDate "2014.11.20"]
[SourceVersion "1"]
[SourceVersionDate "2014.11.20"]
[SourceQuality "1"]

1. d4 Nf6 2. Bg5 Ne4 3. h4 c5 4. d5 Qb6 5. Bc1 g6 6. Nd2 Nxd2 7. Qxd2 Bg7 8. c4 d6 9. h5 0-0 10. Nf3 Nd7 11. hxg6 fxg6 12. Ng5 Nf6 13. f3 a5 14. g3 Qb4 15. Qxb4 axb4 16. a4 Ra5 17. Ra2 b5 18. cxb5 Nxd5 19. e4 Nb6 20. Be2 h6 21. Nh3 Be6 22. Ra1 Rfa8 23. Nf4 Bf7 24. Nd5 Nxd5 25. exd5 Bxd5 26. Bd1 b3 27. Ra3 c4 28. 0-0 Rxa4 29. Rxa4 Rxa4 30. Re1 Kf7 31. Kf2 Rb4 32. Bd2 Rxb5 33. Bc3 Bxc3 34. bxc3 Be6 35. g4 Rd5 0-1

[Event "POR-ch prel"]
[Site "Lisbon"]
[Date "2013.07.17"]
[Round "4.9"]
[White "Amoes, Francisco"]
[Black "Pires, Emanuel Joao Robart"]
[Result "1-0"]
[WhiteElo "1898"]
[BlackElo "2075"]
[PlyCount "103"]
[EventDate "2013.07.15"]
[EventType "swiss"]
[EventRounds "9"]
[EventCountry "POR"]
[SourceTitle "EXT 2015"]
[Source "ChessBase"]
[SourceDate "2014.11.20"]
[SourceVersion "1"]
[SourceVersionDate "2014.11.20"]
[SourceQuality "1"]

1. Nf3 e6 2. c4 f5 3. b3 Nf6 4. Bb2 b6 5. Nc3 Bb7 6. Qc2 Be7 7. d3 0-0 8. 0-0-0 a5 9. a3 Na6 10. h3 Nc5 11. Rg1 a4 12. b4 Nb3+ 13. Kb1 Bxf3 14. gxf3 Nd4 15. Qd2 Ne8 16. Qe3 c5 17. b5 Bf6 18. f4 Ra7 19. Qg3 g6 20. e3 Nb3 21. Bg2 Nc7 22. Bf3 Qe7 23. Kc2 Qg7 24. h4 Rd8 25. h5 Kf7 26. Rg2 d5 27. hxg6+ hxg6 28. cxd5 exd5 29. Rdg1 d4 30. Nxa4 c4 31. dxc4 Na5 32. c5 Nc4 33. Nxb6 Nxb6 34. cxb6 dxe3 35. Bxf6 Qxf6 36. Qxg6+ Qxg6 37. Rxg6 exf2 38. Rg7+ Kf8 39. Rg8+ Ke7 40. R1g7+ Kf6 41. Rg6+ Kf7 42. R8g7+ Kf8 43. Be2 Rxa3 44. Rg8+ Ke7 45. R6g7+ Kf6 46. Rxd8 Ra2+ 47. Kd3 Ne6 48. Rd6 Ra3+ 49. Kd2 Ra2+ 50. Ke3 Kxg7 51. Rxe6 Kf7 52. Re5 1-0

[Event "POR-ch prel"]
[Site "Lisbon"]
[Date "2013.07.15"]
[Round "1.33"]
[White "Amoes, Francisco"]
[Black "Marcelino, Jose de Jesus Ferre"]
[Result "1-0"]
[WhiteElo "1898"]
[BlackElo "1387"]
[PlyCount "55"]
[EventDate "2013.07.15"]
[EventType "swiss"]
[EventRounds "9"]
[EventCountry "POR"]
[SourceTitle "EXT 2015"]
[Source "ChessBase"]
[SourceDate "2014.11.20"]
[SourceVersion "1"]
[SourceVersionDate "2014.11.20"]
[SourceQuality "1"]

1. Nf3 Nc6 2. c4 e5 3. Nc3 a6 4. g3 Bc5 5. Bg2 Nge7 6. Nd5 0-0 7. 0-0 d6 8. Ne1 Rb8 9. Nd3 Ba7 10. a4 Nxd5 11. cxd5 Ne7 12. b4 b5 13. Bb2 f5 14. Qc2 Rf7 15. Rfc1 Ng6 16. e3 e4 17. Ne1 Ne5 18. d3 exd3 19. Nxd3 Nc4 20. Bc3 Re7 21. axb5 Rxb5 22. Bf6 gxf6 23. Qxc4 Re4 24. Bxe4 fxe4 25. Qxe4 f5 26. Qh4 Qe8 27. Rxc7 Rb7 28. Qxh7+ 1-0

[Event "Sintra Honra"]
[Site "Sintra"]
[Date "2013.06.11"]
[Round "4"]
[White "Lavrador, Rodolfo Manuel"]
[Black "Amoes, Francisco"]
[Result "1-0"]
[WhiteElo "2006"]
[BlackElo "1915"]
[PlyCount "55"]
[EventDate "2013.06.08"]
[EventType "tourn"]
[EventRounds "9"]
[EventCountry "POR"]
[SourceTitle "CBM 154 Extra"]
[Source "ChessBase"]
[SourceDate "2013.06.25"]
[SourceVersion "2"]
[SourceVersionDate "2013.06.25"]
[SourceQuality "1"]

1. e4 c5 2. Nf3 d6 3. d4 cxd4 4. Qxd4 Nc6 5. Bb5 Bd7 6. Bxc6 Bxc6 7. Nc3 Nf6 8. Bg5 e5 9. Qd3 Qa5 10. 0-0 Nd7 11. Rad1 Nc5 12. Qe2 Ne6 13. Be3 h6 14. Nd2 Qc7 15. Nd5 Qb8 16. f4 Nc7 17. c4 exf4 18. Rxf4 Bd7 19. Rf2 Ne6 20. Rdf1 Nd8 21. Bd4 Qc8 22. e5 Bg4 23. Qe4 Be6 24. exd6 Bxd6 25. Bxg7 Bc5 26. Bxh8 Bxf2+ 27. Rxf2 Qc5 28. Bd4 1-0

[Event "Sintra Honra"]
[Site "Sintra"]
[Date "2013.06.10"]
[Round "3"]
[White "Amoes, Francisco"]
[Black "Ribeiro, Jose Miguel Saraiva"]
[Result "0-1"]
[WhiteElo "1915"]
[BlackElo "2103"]
[PlyCount "260"]
[EventDate "2013.06.08"]
[EventType "tourn"]
[EventRounds "9"]
[EventCountry "POR"]
[SourceTitle "CBM 154 Extra"]
[Source "ChessBase"]
[SourceDate "2013.06.25"]
[SourceVersion "2"]
[SourceVersionDate "2013.06.25"]
[SourceQuality "1"]

1. Nf3 d5 2. c4 c6 3. g3 Nf6 4. Bg2 Bf5 5. b3 e6 6. Bb2 Nbd7 7. 0-0 Be7 8. d3 h6 9. Nbd2 0-0 10. Qc2 a5 11. a3 Qb6 12. Bc3 Rfe8 13. h3 Bh7 14. Qb2 Bf8 15. b4 axb4 16. axb4 Rxa1 17. Rxa1 e5 18. cxd5 cxd5 19. Nxe5 Nxe5 20. Bxe5 Qxb4 21. Bxf6 gxf6 22. Qxb4 Bxb4 23. Nb3 Rxe2 24. Bxd5 Rb2 25. Ra8+ Kg7 26. Rb8 Be1 27. Rxb7 Bxf2+ 28. Kg2 Bxd3 29. Kf3 Bg6 30. g4 Bh4 31. Nd4 Rd2 32. Ne6+ Kh8 33. Rb8+ Kh7 34. Nf8+ Kg7 35. Nxg6 fxg6 36. Rg8+ Kh7 37. Rd8 Rf2+ 38. Ke3 Rh2 39. Kd4 Rxh3 40. Rd7+ Kh8 41. Kc5 f5 42. gxf5 gxf5 43. Rf7 Bf2+ 44. Kc6 Rc3+ 45. Kd7 Bd4 46. Rxf5 Kg7 47. Rf3 Rc1 48. Be4 Re1 49. Bd5 Be3 50. Kd6 Bg5 51. Rf7+ Kg6 52. Rf3 h5 53. Kc5 h4 54. Kd4 Bf6+ 55. Kd3 Rd1+ 56. Kc4 Kg5 57. Rd3 Rc1+ 58. Kb3 Be5 59. Re3 Bg3 60. Rc3 Rd1 61. Bg2 Be5 62. Re3 Bf4 63. Rc3 Re1 64. Bc6 Be3 65. Bg2 Kf4 66. Rd3 Kg3 67. Bd5 h3 68. Kc3 h2 69. Kc2 Kf4 70. Rd1 Re2+ 71. Kd3 Rb2 72. Bh1 Bf2 73. Ra1 Kg3 74. Rd1 Bb6 75. Rf1 Rg2 76. Rf6 Rg1 77. Be4 Bd8 78. Rg6+ Kf2 79. Rh6 Bc7 80. Rh7 Rd1+ 81. Kc2 Re1 82. Kd3 Bf4 83. Rh3 Bg3 84. Rh7 Rd1+ 85. Kc2 Rd4 86. Bb7 Bh4 87. Rf7+ Kg1 88. Rg7+ Kf1 89. Rf7+ Bf2 90. Rh7 Rb4 91. Bf3 Bh4 92. Rf7 Rb6 93. Be4+ Bf6 94. Rb7 Re6 95. Rb1+ Kf2 96. Bh1 Re2+ 97. Kd3 Re3+ 98. Kc2 Rg3 99. Bb7 Rg1 100. Rb6 Bg5 101. Rb1 Rg2 102. Kd3 Rg1 103. Kc2 Bd8 104. Bh1 Ba5 105. Bb7 Be1 106. Rd1 h1Q 107. Bxh1 Rxh1 108. Rd3 Ke2 109. Rd7 Bf2 110. Rd2+ Kf3 111. Rd1 Rh4 112. Rd3+ Be3 113. Kc3 Rh5 114. Kc4 Ke4 115. Rd8 Rc5+ 116. Kb4 Bd4 117. Kb3 Kd3 118. Kb4 Rh5 119. Rd7 Rh1 120. Kb5 Rb1+ 121. Kc6 Rb6+ 122. Kc7 Rg6 123. Kd8 Ke4 124. Re7+ Be5 125. Kc8 Kd5 126. Kb7 Rh6 127. Kc8 Bd6 128. Re1 Kc6 129. Re8 Rh7 130. Kd8 Ra7 0-1

[Event "Sintra Honra"]
[Site "Sintra"]
[Date "2013.06.09"]
[Round "2"]
[White "Guerreiro, Nuno M"]
[Black "Amoes, Francisco"]
[Result "1/2-1/2"]
[WhiteElo "2132"]
[BlackElo "1915"]
[PlyCount "80"]
[EventDate "2013.06.08"]
[EventType "tourn"]
[EventRounds "9"]
[EventCountry "POR"]
[SourceTitle "CBM 154 Extra"]
[Source "ChessBase"]
[SourceDate "2013.06.25"]
[SourceVersion "2"]
[SourceVersionDate "2013.06.25"]
[SourceQuality "1"]

1. Nf3 d5 2. g3 c6 3. Bg2 Bf5 4. d3 Nf6 5. Nbd2 e6 6. Nh4 Bg4 7. h3 Bh5 8. g4 Bg6 9. a3 Bc5 10. e3 Bb6 11. Nxg6 hxg6 12. d4 Nbd7 13. b3 Qc7 14. Bb2 c5 15. c4 cxd4 16. exd4 Qf4 17. Qf3 Bc7 18. Qd3 0-0 19. Qe3 b6 20. 0-0-0 Rac8 21. Kb1 Qxe3 22. fxe3 Bd6 23. g5 dxc4 24. gxf6 c3 25. fxg7 Kxg7 26. Bxc3 Rxc3 27. Nc4 Bxa3 28. Nxa3 Rxb3+ 29. Ka2 Rxe3 30. Rhe1 Rg3 31. Rd2 Rh8 32. Rc1 Rh5 33. Rc7 Ra5 34. Rxd7 Raxa3+ 35. Kb2 Rgc3 36. d5 Rab3+ 37. Ka2 Ra3+ 38. Kb1 Rab3+ 39. Ka2 Ra3+ 40. Kb1 Rab3+ 1/2-1/2

[Event "Sintra Honra"]
[Site "Sintra"]
[Date "2013.06.08"]
[Round "1"]
[White "Silva, Miguel Antonio Neto"]
[Black "Amoes, Francisco"]
[Result "1-0"]
[WhiteElo "2098"]
[BlackElo "1915"]
[PlyCount "37"]
[EventDate "2013.06.08"]
[EventType "tourn"]
[EventRounds "9"]
[EventCountry "POR"]
[SourceTitle "CBM 154 Extra"]
[Source "ChessBase"]
[SourceDate "2013.06.25"]
[SourceVersion "2"]
[SourceVersionDate "2013.06.25"]
[SourceQuality "1"]

1. d4 Nf6 2. c4 e6 3. g3 Bb4+ 4. Bd2 c5 5. Bxb4 cxb4 6. Bg2 0-0 7. Nf3 d6 8. 0-0 Qe7 9. Qb3 Na6 10. a3 bxa3 11. Qxa3 Qc7 12. Nbd2 e5 13. e3 exd4 14. Nxd4 Qc5 15. Nb5 Nb4 16. Nb3 Nc2 17. Nxc5 Nxa3 18. Nxd6 Nc2 19. Ra4 1-0

[Event "POR-ch qual"]
[Site "Amadora"]
[Date "2011.09.06"]
[Round "4"]
[White "Amoes, Francisco"]
[Black "Morais, Vitor Mestre"]
[Result "0-1"]
[WhiteElo "1710"]
[BlackElo "2018"]
[PlyCount "100"]
[EventDate "2011.09.03"]
[EventType "swiss"]
[EventRounds "9"]
[EventCountry "POR"]
[SourceTitle "CBM 144 Extra"]
[Source "ChessBase"]
[SourceDate "2011.10.28"]
[SourceVersion "1"]
[SourceVersionDate "2011.10.28"]
[SourceQuality "1"]

1. d4 Nf6 2. c4 e5 3. dxe5 Ng4 4. Nf3 Nc6 5. e3 Ncxe5 6. Nxe5 Nxe5 7. Be2 g6 8. Nc3 Bg7 9. 0-0 0-0 10. e4 d6 11. Be3 Be6 12. Bd4 c5 13. Bxe5 dxe5 14. Qxd8 Raxd8 15. Rad1 a6 16. Na4 Rc8 17. Rd6 Rfe8 18. Rb6 Rc7 19. Rd1 Bf8 20. h3 Kg7 21. b3 Bd7 22. Bg4 Bc6 23. Nc3 h5 24. Bf3 Re6 25. Nd5 Bxd5 26. Rxe6 Bxe6 27. Be2 Rd7 28. Rxd7 Bxd7 29. a4 Bc6 30. Bd3 Kf6 31. Kf1 Bh6 32. Ke2 Ke6 33. g4 Bf4 34. f3 Kf6 35. Kf2 Kg5 36. Bc2 hxg4 37. hxg4 Bd7 38. Bd3 f5 39. gxf5 gxf5 40. Be2 Bd2 41. Bf1 fxe4 42. fxe4 Kf4 43. Ke2 Bc3 44. Kd3 Bd4 45. Bg2 Bg4 46. Bf1 Bf3 47. Bh3 Bxe4+ 48. Kd2 Bf3 49. Bf1 e4 50. Be2 e3+ 0-1

[Event "POR-ch U20"]
[Site "Torres Vedras"]
[Date "2011.04.10"]
[Round "1"]
[White "Santos, Hugo Lima"]
[Black "Amoes, Francisco"]
[Result "1-0"]
[WhiteElo "2065"]
[BlackElo "1655"]
[PlyCount "95"]
[EventDate "2011.04.10"]
[EventType "swiss"]
[EventRounds "7"]
[EventCountry "POR"]
[SourceTitle "CBM 141 Extra"]
[Source "ChessBase"]
[SourceDate "2011.05.03"]
[SourceVersion "1"]
[SourceVersionDate "2011.05.03"]
[SourceQuality "1"]

1. e4 c5 2. Nc3 a6 3. f4 b5 4. g3 Bb7 5. Bg2 Nf6 6. d3 e6 7. Nge2 d6 8. 0-0 Be7 9. h3 b4 10. Nb1 e5 11. c4 Nc6 12. g4 Nd7 13. Ng3 g6 14. f5 Bg5 15. Nd2 Bf4 16. Ne2 Be3+ 17. Kh1 Nd4 18. Nxd4 exd4 19. Nf3 Bxc1 20. Qxc1 Ne5 21. Nxe5 dxe5 22. Qh6 Qe7 23. Qg7 f6 24. Qxh8+ Kd7 25. Qxa8 Bxa8 26. fxg6 hxg6 27. Rf2 Qg7 28. Raf1 Ke7 29. Kg1 g5 30. a3 b3 31. a4 Bc6 32. Ra1 Ke6 33. a5 Be8 34. Raf1 Bg6 35. Bf3 Be8 36. Bd1 Ba4 37. Kg2 Qh8 38. h4 gxh4 39. Kh3 Qh6 40. Rxf6+ Qxf6 41. Rxf6+ Kxf6 42. Kxh4 Kg6 43. g5 Kg7 44. Bg4 Bc6 45. Bc8 Ba8 46. Bxa6 Bxe4 47. dxe4 d3 48. Bc8 1-0